000 00735nam a2200241 i 4500
001 C2-0229240
003 PPAK
005 20180728160049.0
008 000923s1987 enka|||| ||||| | eng d
020 _a0850923026
040 _aPPAK
_beng
_cPPAK
_erda
082 0 4 _a379.154
_223
090 0 0 _a379.154
_bBRA
_dKSI
100 1 _aBray, Mark,
_eauthor
245 1 0 _aAre small schools the answer?
_bcost-effective strategies for rural school provision
264 1 _aLondon :
_bCommonwealth Secretariat ,
_c1987
300 _a89 pages :
_billustrations ;
_c21 cm
336 _2rdacontent
_atext
337 _2rdamedia
_aunmediated
338 _2rdacarrier
_avolume
650 1 0 _aEducation-cost-effectiveness-rural
942 _ddc
_cB
999 _c148908
_d148908